| 000 | 01481cam a22002054a 4500 | ||
|---|---|---|---|
| 005 | 20250605164028.0 | ||
| 008 | 250528s ||||||||||||||||||||||||d | ||
| 035 | _a16536 | ||
| 020 | _a960301138 | ||
| 040 |
_aGR-AtMCL _bgre _dGR-AtMCL _eAACR2 |
||
| 245 | 1 |
_aΔίκαιο Ανώνυμης Εταιρίας. _nΤεύχος Δεύτερο |
|
| 250 | _a2η | ||
| 260 |
_bΣάκκουλα, _c1994 |
||
| 300 | _a292 | ||
| 520 | _aΠρόλογος, Περιουσιακή Οργάνωση της Εταιρίας, Οικονομική Δύναμη της Εταιρίας, Κεφάλαιο της Εταιρείας, Αποθεματικά της Εταιρείας, Κάλυψη του Κεφαλαίου, Η Ανάληψη Μετοχών Καθαυτή, Εισφορές στην Ανάληψη Μετοχών, Εξόφληση των Μετοχών, Αύξηση του Κεφαλαίου, Η Αύξηση του Κεφαλαίου Καθαυτή, Αύξηση του Κεφαλαίου με Νέες Εισφορές, Δικαίωμα Προτίμησης των Μετοχών, Αύξηση με Τροπή Παθητικού σε Κεφάλαιο, Μείωση και Απόσβεση του Κεφαλαιού, Μείωση του Κεφαλαίου - Λειτουργία και Τεχνική, Συντομογραφίες, Πίνακας Περιεχομένων. | ||
| 700 | 1 |
_aΠαμπουκής Κων. Γ _92634 |
|
| 942 | _cBK | ||
| 999 |
_c2029 _d2029 |
||